000 01257njm a22002777a 4500
005 20100910134728.0
007 sd ammalaaahaa
008 100904t xxu||||| |||| 00| 0 hin d
028 _aN. 55501
_bHis Master's Voice
028 _aOJE. 26467
_bHis Master's Voice
028 _aOJE. 26469
_bHis Master's Voice
035 _aGR-01723
040 _aSED/VEN
100 _aKapoor, Mahendra
_91184
245 _aHamraaz; Part-1:
_bHindustani /
_cby Mahendra Kapoor; Music Dtn.by Ravi; Lyric by Sahir Ludhiyanvi
_h[Sound Recording] :
246 _aहमराज़ (महेंद्र कपूर)
260 _aDum Dum, India :
_bHis Master's Voice
300 _a1 sound disc [Gramophone Recording] :
_banalog, 33 1/3 rpm ;
_c10 in.
_fGramophone Records
500 _aBrief Records
505 _aSong Side-1; किसी पत्थर की मूरत से (हमराज़) (महेंद्र कपूर), Song Side-2;,नीले गगन के तले (महेंद्र कपूर) Part 2
650 _aClassical Music
_xExcerpts
_zIndia
_918309
700 _919413
700 _919439
942 _2ddc
_cGR
999 _c45097
_d45097